| 000 | 02118nam a2200649 i 4500 | ||
|---|---|---|---|
| 001 | 35340 | ||
| 003 | KOSZ 005 | ||
| 005 | 20241114115153.0 | ||
| 008 | 241112s1989 pl g 001 0 pol | ||
| 035 | _a991010127579705066 | ||
| 035 | _a(PL-WaBN)b12763779-48omnis_nlop | ||
| 035 | _ab12763779 | ||
| 035 | _a(OCoLC)749194054 | ||
| 035 | _a(PUBLU)vtls000051419 | ||
| 035 | _azz2003853369 | ||
| 035 | _a(PL)b0000001276377 | ||
| 035 | _a(EXLNZ-48OMNIS_NETWORK)9910175387105606 | ||
| 040 |
_aWA N _cWA N _dKOSZ 005/RW |
||
| 045 |
_bd1943 _bd1948 |
||
| 046 | _k1989 | ||
| 080 | _a94(438).082 | ||
| 080 | _a94(438).083 | ||
| 080 | _a323(438) | ||
| 080 | _a327(438) | ||
| 100 | 1 |
_aKersten, Krystyna _d(1931-2008) _eAutor |
|
| 245 | 1 | 0 |
_aNarodziny systemu władzy : _bPolska 1943-1948 / _cKrystyna Kersten. |
| 246 | 3 | 0 | _aPolska 1943-1948 |
| 260 |
_aLublin : _b[s.n.], _c1989. |
||
| 300 |
_a[2], 393 strony ; _c20 cm. |
||
| 336 |
_aTekst _btxt _2rdacontent |
||
| 337 |
_aBez urządzenia pośredniczącego _bn _2rdamedia |
||
| 338 |
_aWolumin _bnc _2rdacarrier |
||
| 380 | _aKsiążki | ||
| 380 | _aPublikacje naukowe | ||
| 388 | 1 | _a1901-2000 | |
| 388 | 1 | _a1989-2000 | |
| 504 | _aBibliografia na stronach 360-385. Indeks. | ||
| 610 | 2 | 7 | _aPolska Partia Robotnicza (1942-1948) |
| 610 | 2 | 7 | _aPolski Komitet Wyzwolenia Narodowego |
| 610 | 2 | 7 | _aRząd Rzeczypospolitej Polskiej na uchodźstwie |
| 648 | 7 |
_a1901-2000 _2DBN |
|
| 648 | 7 |
_a1939-1945 _2DBN |
|
| 648 | 7 |
_a1945-1989 _2DBN |
|
| 650 | 7 | _aII wojna światowa (1939-1945) | |
| 650 | 7 | _aPolityka międzynarodowa | |
| 650 | 7 | _aPolityka wewnętrzna | |
| 650 | 7 | _aPRL | |
| 650 | 7 | _aWładza państwowa | |
| 651 | 7 |
_aPolska _2DBN |
|
| 651 | 7 |
_aZSRR _2DBN |
|
| 655 | 7 | _aOpracowanie | |
| 658 | _aHistoria | ||
| 658 | _aPolityka, politologia, administracja publiczna | ||
| 856 |
_uhttps://koha.tu.koszalin.pl/cgi-bin/koha/opac-detail.pl?biblionumber=35340 _yKatalog online BPK |
||
| 942 |
_2UKD _cKS |
||
| 999 |
_c35340 _d35340 |
||